| 000 | 00576cam a22001457a 4500 | ||
|---|---|---|---|
| 008 | 180718b1966 xxu||||| |||| 00| 0 eng d | ||
| 082 | _aB124x83 M832 | ||
| 100 | _aMorris, James O. | ||
| 245 |
_aElites, intellectuals, and consensus: a study of the social question and the industrial relations systems in Chile _cby James O. Morris |
||
| 260 |
_aNew York _bNew York State School of Industrial And Labor Relations _c1966 |
||
| 300 | _axviii, 292p | ||
| 650 | _aChile -Politics and government. | ||
| 650 | _aWorking class -Chile | ||
| 650 | _aIndustrial relations -Chile -History | ||
| 999 |
_c417632 _d417632 |
||